000 00863nas a2200289 4500
001 BR9209355
003 BR-BrBNA
005 20231205093247.0
007 ta
008 230509b bl.|||p| |||| 00| 00por d
040 _aBR-BrBNA
_bpor
_cBiblioteca Nacional de Agricultura
041 _a(Es)
072 _aL53
100 1 _aArguello, N.V. de
100 1 _aMischis, C.C. de
100 1 _aCivitta, G. la
100 1 _aBonino, E.E.
245 1 _aCiclo biologico de Triatoma rubrovaria (Blanchard)(Reduviidae, Triatominae)en laboratorio
650 _aREPRODUCAO ANIMAL
650 _aOVO
650 _aSEXO
650 _aLONGEVIDADE
650 _aMORTALIDADE ANIMAL
773 0 _tRevista Brasileira de Zoologia (Brazil)
_xISSN 0101-8175
_g(Aug 1988), v. 5(2) p. 245-251
_wBR9209355
909 _a202311
_bLúcia
_c55
_dLúcia Elande
942 _2AGRIS
_n0
_cANA
999 _c137147
_d137147